00709cam a22002411 4500001001300000003000400013005001700017008004100034010001700075035002000092040001800112043001200130050001900142100004400161245006600205260001000271300002500281500004300306650004500349700003600394700002000430999001700450sa 68015039 DLC20260227112639.0900126s1966 ii c 000 0 hino  asa 68015039  a(OCoLC)20963627 aDLCcWaUdDLC aa-ii---00aML338.B448bU91 aBhatkhande, Vishnu Narayan,d1860-1936.10aUttara Bhāratīya saṅgīta kā saṅkshipta itihāsu. c1966. a68 p.bport.c23 cm. aIn Hindi; some quotations in Sanskrit. 0aHindustani musicxHistory and criticism.1 aGarga, Lakshmīnārāyaṇa.1 aSen, Arunkumar. c86183d86183